La música en la Corte de Don Carlos IV y su influencia en la vida musical española (Registro nro. 190201)

Detalles MARC
000 -LEADER
campo de control de longitud fija 00972nam a2200193 i 4500
001 - NÚMERO DE CONTROL
campo de control 190201
003 - IDENTIFICADOR DE NÚMERO DE CONTROL
campo de control ES-MaACL
005 - FECHA Y HORA DE LA ÚLTIMA TRANSACCIÓN
campo de control 20231230063013.0
008 - DATOS DE LONGITUD FIJA--INFORMACIÓN GENERAL
campo de control de longitud fija 200914s1959 sp |||| | spa d
100 1# - ENTRADA PRINCIPAL--NOMBRE DE PERSONA
Nombre de persona Ruiz Casaux, Juan,
Fechas asociadas al nombre 1889-1972
9 (RLIN) 170314
245 13 - MENCIÓN DEL TÍTULO
Título La música en la Corte de Don Carlos IV y su influencia en la vida musical española
Resto del título : discurso del Académico Numerario Excelentísimo Señor D. Juan Antonio Ruíz Casaux y L. de Carvajal, leído en el acto de su recepción pública el día 22 de noviembre de 1959, y contestación del Excmo. Sr. D. Federico Sopeña Ibañez.
260 ## - PUBLICACIÓN, DISTRIBUCIÓN, ETC.
Lugar de publicación, distribución, etc. Madrid :
Nombre del editor, distribuidor, etc. Real Academia de Bellas Artes de San Fernando,
Fecha de publicación, distribución, etc. 1959.
300 ## - DESCRIPCIÓN FÍSICA
Extensión 47 p., [7] h. de lám. ;
Dimensiones 25 cm.
650 #4 - PUNTO DE ACCESO ADICIONAL DE MATERIA--TÉRMINO DE MATERIA
Término de materia o nombre geográfico como elemento de entrada Música española-
Subdivisión cronológica S.XVIII.
9 (RLIN) 170315
700 1# - ENTRADA AGREGADA--NOMBRE PERSONAL
Nombre de persona Sopeña Ibáñez, Federico,
Fechas asociadas al nombre 1917-1991
9 (RLIN) 107321
710 2# - ENTRADA AGREGADA--NOMBRE DE ENTIDAD CORPORATIVA
Nombre de entidad corporativa o nombre de jurisdicción como elemento de entrada Real Academia de Bellas Artes de San Fernando.
9 (RLIN) 6291
852 ## - LOCALIZACIÓN
Ubicación ES-MaACL
Número de control de estantería F-M-III-N
Existencias
Estatus retirado Estado de pérdida Estado de daño No para préstamo Biblioteca de origen Biblioteca actual Ubicación en estantería Fecha de adquisición Fuente de adquisición Total de préstamos Signatura topográfica completa Código de barras Visto por última vez Precio de reemplazo Tipo de ítem Koha
        Biblioteca del Ateneo de Madrid Biblioteca del Ateneo de Madrid Administración 19/05/2005     F-M-III-N 1201974 23/02/2023 23/02/2023 Libro impreso